Truyện ngắn chọn lọc (Record no. 14)
[ view plain ]
| 000 -LEADER | |
|---|---|
| fixed length control field | 00703nam a22003018a 4500 |
| 001 - CONTROL NUMBER | |
| control field | 00084999 |
| 003 - CONTROL NUMBER IDENTIFIER | |
| control field | dl |
| 005 - DATE AND TIME OF LATEST TRANSACTION | |
| control field | 20250226174901.0 |
| 008 - FIXED-LENGTH DATA ELEMENTS--GENERAL INFORMATION | |
| fixed length control field | 040524s1996 b 000 0 od |
| 020 ## - INTERNATIONAL STANDARD BOOK NUMBER | |
| Terms of availability | 2200d |
| 040 ## - CATALOGING SOURCE | |
| Transcribing agency | dl |
| 041 0# - LANGUAGE CODE | |
| Language code of text/sound track or separate title | truyện ngắn |
| 041 0# - LANGUAGE CODE | |
| Language code of text/sound track or separate title | 9603 |
| 041 0# - LANGUAGE CODE | |
| Language code of text/sound track or separate title | dkt |
| 041 0# - LANGUAGE CODE | |
| Language code of text/sound track or separate title | vie |
| 080 ## - UNIVERSAL DECIMAL CLASSIFICATION NUMBER | |
| Universal Decimal Classification number | V23 |
| 084 ## - OTHER CLASSIFICATION NUMBER | |
| Classification number | V6(1)7-44 |
| Item number | TR527NG |
| 100 1# - MAIN ENTRY--PERSONAL NAME | |
| Personal name | Nguyễn Huy Thiệp |
| 245 10 - TITLE STATEMENT | |
| Title | Truyện ngắn chọn lọc |
| Statement of responsibility, etc. | Nguyễn Huy Thiệp |
| 260 ## - PUBLICATION, DISTRIBUTION, ETC. | |
| Place of publication, distribution, etc. | H. |
| Name of publisher, distributor, etc. | Nxb. Hội nhà văn |
| Date of publication, distribution, etc. | 1996 |
| 300 ## - PHYSICAL DESCRIPTION | |
| Extent | 320tr |
| Dimensions | 19cm |
| 653 ## - INDEX TERM--UNCONTROLLED | |
| Uncontrolled term | Văn học hiện đại |
| 653 ## - INDEX TERM--UNCONTROLLED | |
| Uncontrolled term | vịêt nam |
| 930 ## - EQUIVALENCE OR CROSS-REFERENCE-UNIFORM TITLE HEADING [LOCAL, CANADA] | |
| Uniform title | 87356 |
| 942 ## - ADDED ENTRY ELEMENTS (KOHA) | |
| Source of classification or shelving scheme | Dewey Decimal Classification |
| Koha item type | Books |
| Suppress in OPAC | No |
| Withdrawn status | Lost status | Source of classification or shelving scheme | Damaged status | Not for loan | Home library | Current library | Date acquired | Total checkouts | Barcode | Date due | Date last seen | Date last checked out | Price effective from | Koha item type |
|---|---|---|---|---|---|---|---|---|---|---|---|---|---|---|
| Sẵn sàng lưu thông | Dewey Decimal Classification | Trường K12_01 | Trường K12_01 | 26/02/2025 | 1 | DL11223344 | 12/03/2025 | 26/02/2025 | 26/02/2025 | 26/02/2025 | Books | |||
| Sẵn sàng lưu thông | Dewey Decimal Classification | Trường K12_01 | Trường K12_01 | 26/02/2025 | DL11223345 | 26/02/2025 | 26/02/2025 | Books | ||||||
| Sẵn sàng lưu thông | Dewey Decimal Classification | Trường K12_01 | Trường K12_01 | 26/02/2025 | DL11223346 | 26/02/2025 | 26/02/2025 | Books | ||||||
| Sẵn sàng lưu thông | Dewey Decimal Classification | Trường K12_01 | Trường K12_01 | 26/02/2025 | DL11223347 | 26/02/2025 | 26/02/2025 | Books | ||||||
| Sẵn sàng lưu thông | Dewey Decimal Classification | Trường K12_01 | Trường K12_01 | 26/02/2025 | DL11223348 | 26/02/2025 | 26/02/2025 | Books |
